Visualizzazione normale
Vista MARC
- INTERVISTA
di Topical Term
Records bibliografici associati: 1
001 - CONTROL NUMBER
- control field: 54612
003 - CONTROL NUMBER IDENTIFIER
- control field: IT-RoPau
005 - DATE AND TIME OF LATEST TRANSACTION
- control field: 20151203213150.0
008 - FIXED-LENGTH DATA ELEMENTS
- fixed length control field: 151203|| aca||aabn | a|a d
040 ## - CATALOGING SOURCE
- Original cataloging agency: IT-RoPau
- Transcribing agency: IT-RoPau
150 ## - HEADING--TOPICAL TERM
- Topical term or geographic name entry element: INTERVISTA
- : STUDI SUL CINEMA [VHS 3/4]
- General subdivision: Codice MATERIA SPICS: 9959
670 ## - SOURCE DATA FOUND
- Source citation: Work cat.: (IT-RoPau)108125: Foglietti Mario Codice regista SPICS: 35355 54610, PARIS-CLAIR PARIS-CLAIR (Rif. Codice opera principale : 21744)